Detalles MARC
| 000 -CABECERA |
| campo de control de longitud fija |
01595nam a2200277 i 4500 |
| 003 - IDENTIFICADOR DEL NÚMERO DE CONTROL |
| campo de control |
DO-SdBNP |
| 005 - FECHA Y HORA DE LA ÚLTIMA TRANSACCIÓN |
| campo de control |
20260525151857.0 |
| 007 - CAMPO FIJO DE DESCRIPCIÓN FÍSICA--INFORMACIÓN GENERAL |
| campo de control de longitud fija |
ta |
| 008 - DATOS DE LONGITUD FIJA--INFORMACIÓN GENERAL |
| campo de control de longitud fija |
260525e2024 dr ||||gr|||||||| |bspa d |
| 020 ## - NÚMERO INTERNACIONAL ESTÁNDAR DEL LIBRO |
| Número Internacional Estándar del Libro |
9789945654660. |
| 040 ## - FUENTE DE LA CATALOGACIÓN |
| Centro catalogador/agencia de origen |
DO-SdBNP |
| Lengua de catalogación |
spa |
| Centro/agencia transcriptor |
BNPHU |
| Normas de descripción |
rda |
| 041 ## - CÓDIGO DE LENGUA |
| Código de lengua del texto/banda sonora o título independiente |
spa |
| 082 ## - NÚMERO DE LA CLASIFICACIÓN DECIMAL DEWEY |
| Número de documento/Ítem |
S838D 2024 |
| Número de edición |
22 |
| 100 ## - ENTRADA PRINCIPAL--NOMBRE DE PERSONA |
| Nombre de persona |
Sterling, Gael, |
| Fechas asociadas al nombre |
2007- |
| 9 (RLIN) |
89732 |
| Término indicativo de función/relación |
autor. |
| 245 ## - MENCIÓN DE TÍTULO |
| Título |
Deadwood / |
| Mención de responsabilidad, etc. |
Gael Sterling. |
| 264 ## - PRODUCCIÓN, PUBLICACIÓN, DISTRIBUCIÓN, FABRICACIÓN Y COPYRIGHT |
| Producción, publicación, distribución, fabricación y copyright |
Santo Domingo. República Dominicana : |
| Nombre del de productor, editor, distribuidor, fabricante |
Editorial Santuario, |
| Fecha de producción, publicación, distribución, fabricación o copyright |
2024. |
| 300 ## - DESCRIPCIÓN FÍSICA |
| Extensión |
81 páginas ; |
| Dimensiones |
23 x 15 cm. |
| 336 ## - TIPO DE CONTENIDO |
| Término de tipo de contenido |
texto |
| Código de tipo de contenido |
txt |
| Fuente |
rdacontent |
| 337 ## - TIPO DE MEDIO |
| Nombre/término del tipo de medio |
sin mediación |
| Código del tipo de medio |
n |
| Fuente |
rdamedia |
| 338 ## - TIPO DE SOPORTE |
| Nombre/término del tipo de soporte |
volumen |
| Código del tipo de soporte |
nc |
| Fuente |
rdacarrier |
| 500 ## - NOTA GENERAL |
| Nota general |
Incluye biografía del autor en la solapa. |
| 520 ## - SUMARIO, ETC. |
| Sumario, etc. |
En el año 1877, en un pequeño pueblo llamado Deadwood, había un joven de 18 años que se llamaba Arthur Brooks. Vivía solo con su madre, ya que su padre había fallecido cuando él tenía tan solo 11 años. Arthur y su padre eran muy cercanos; su padre no era un hombre tradicional, ya que se crió en un bosque, donde aprendió a sobrevivir por sí solo y eso mismo le enseñó a Arthur: a cómo sobrevivir en la naturaleza.<br/>Después de la muerte de su padre la madre de Arthur dejó de ser tan cariñosa con él, ya no lo cuidaba ni le demostraba cariño, y todo empeoró cuando desarrolló un gusto por el alcohol, se volvió una mujer agresiva y rápida a la ira y empezó a desahogarse en el pequeño Arthur, que en ese momento nada más tenía 11 años. |
| 590 ## - NOTA LOCAL (RLIN) |
| Nota local |
Inventariado, 2026/WG. |
| 650 #0 - PUNTO DE ACCESO ADICIONAL DE MATERIA--TÉRMINO DE MATERIA |
| Término de materia o nombre geográfico como elemento de entrada |
Novela dominicana |
| 9 (RLIN) |
223 |
| 942 ## - ELEMENTOS DE PUNTO DE ACCESO ADICIONAL (KOHA) |
| Fuente del sistema de clasificación o colocación |
Dewey Decimal Classification |
| Tipo de ítem Koha |
Libro |